| 000 -LEADER |
| fixed length control field |
00399nam a2200145 4500 |
| 008 - FIXED-LENGTH DATA ELEMENTS--GENERAL INFORMATION |
| fixed length control field |
191218b ||||| |||| 00| 0 eng d |
| 041 0# - LANGUAGE CODE |
| Language code of text/sound track or separate title |
eng |
| 082 00 - DEWEY DECIMAL CLASSIFICATION NUMBER |
| Classification number |
610.92 |
| Item number |
V184 |
| 100 ## - MAIN ENTRY--PERSONAL NAME |
| 9 (RLIN) |
300 |
| Personal name |
Vallery-Radot, Rene |
| 245 10 - TITLE STATEMENT |
| Title |
The life of Pasteur |
| 260 ## - PUBLICATION, DISTRIBUTION, ETC. (IMPRINT) |
| Place of publication, distribution, etc |
London: |
| Name of publisher, distributor, etc |
Constable & company ltd, |
| Date of publication, distribution, etc |
1948. |
| 300 ## - PHYSICAL DESCRIPTION |
| Extent |
xxi, 484 p. |
| 650 #0 - SUBJECT ADDED ENTRY--TOPICAL TERM |
| Topical term or geographic name as entry element |
Biography of Pasteur |
| 942 ## - ADDED ENTRY ELEMENTS (KOHA) |
| Source of classification or shelving scheme |
|
| Item type |
Books |